[Event "Portugal Open 2018"]
[Site "Lisboa POR"]
[Date "2018.02.03"]
[Round "1.27"]
[White "Skielnik, Joseph"]
[Black "Cawdery, Daniel"]
[Result "0-1"]
[WhiteElo "1890"]
[BlackElo "2446"]
[WhiteFideId "423807"]
[BlackFideId "14300249"]
[BlackTitle "IM"]
[WhiteCountry "ENG"]
[BlackCountry "RSA"]
[PlyCount "52"]
[EventDate "2018.??.??"]

1. d4 Nf6 2. Bf4 g6 3. e3 Bg7 4. Nf3 d6 5. Be2 O-O 6. h3 c5 7. c3 Be6 8. O-O Qb6
9. b3 Nc6 10. Bg5 Bf5 11. Bxf6 Bxf6 12. Nbd2 d5 13. a3 e5 14. dxc5 Qxc5 15. c4
e4 16. Nh2 d4 17. b4 Qe5 18. exd4 Qxd4 19. Ra2 Rad8 20. Qb3 Rfe8 21. Kh1 e3 22.
Ndf3 Qf4 23. b5 Na5 24. Qa4 b6 25. Qb4 exf2 26. c5 Re4 0-1

[Event "Portugal Open 2018"]
[Site "Lisboa POR"]
[Date "2018.02.03"]
[Round "1.28"]
[White "Venkatesh, M.R."]
[Black "Gomes, José Luis"]
[Result "1-0"]
[WhiteElo "2445"]
[BlackElo "1889"]
[WhiteFideId "5005779"]
[BlackFideId "1901710"]
[WhiteTitle "GM"]
[WhiteCountry "IND"]
[BlackCountry "POR"]
[PlyCount "45"]
[EventDate "2018.??.??"]

1. e4 c5 2. Nc3 d6 3. d4 cxd4 4. Qxd4 Nc6 5. Bb5 Bd7 6. Bxc6 Bxc6 7. Bg5 e5 8.
Qd2 Be7 9. h4 Nf6 10. Bxf6 Bxf6 11. Nf3 O-O 12. O-O-O Qb6 13. g4 Rfd8 14. g5 Be7
15. h5 f5 16. Nd5 Bxd5 17. Qxd5+ Kh8 18. h6 Rf8 19. hxg7+ Kxg7 20. Qe6 Qxf2 21.
Qxe7+ Rf7 22. Rxh7+ Kxh7 23. Qxf7+ 1-0

[Event "Portugal Open 2018"]
[Site "Lisboa POR"]
[Date "2018.02.03"]
[Round "1.29"]
[White "Rumsey, Victor"]
[Black "Dâmaso, Rui"]
[Result "0-1"]
[WhiteElo "1888"]
[BlackElo "2445"]
[WhiteFideId "432873"]
[BlackFideId "1900030"]
[BlackTitle "IM"]
[WhiteCountry "ENG"]
[BlackCountry "POR"]
[PlyCount "98"]
[EventDate "2018.??.??"]

1. d4 d6 2. e4 Nf6 3. Nc3 c6 4. f4 Qa5 5. Bd3 e5 6. Nf3 Bg4 7. dxe5 dxe5 8. h3
Bxf3 9. Qxf3 Nbd7 10. f5 Nc5 11. O-O Nxd3 12. cxd3 Rd8 13. Rd1 Qb6+ 14. Kh1 Be7
15. Rb1 Qa6 16. b4 O-O 17. a4 Rd7 18. Ba3 Qb6 19. a5 Qd8 20. Ne2 Ne8 21. Bb2 Bf6
22. Rbc1 Nc7 23. Rc5 Na6 24. Rc4 Nc7 25. Rc5 Re8 26. Qg3 Qe7 27. Rc4 a6 28. Nc3
Red8 29. Na4 Nb5 30. Nc5 Rd6 31. Rdc1 Re8 32. Nb3 Bh4 33. Qf3 Rdd8 34. g3 Bg5
35. Re1 Qc7 36. Nc5 Bd2 37. Rd1 Nd6 38. Rc2 Bxb4 39. f6 Qxa5 40. Qg4 g6 41. Qg5
Bxc5 42. Qh6 Nf5 43. exf5 Bf8 44. Qg5 e4 45. Bc3 Qd5 46. Kh2 exd3 47. Rf2 Re4
48. h4 Rde8 49. fxg6 hxg6 0-1

[Event "Portugal Open 2018"]
[Site "Lisboa POR"]
[Date "2018.02.03"]
[Round "1.30"]
[White "Fernandes, António"]
[Black "Sousa, Tadeu"]
[Result "1-0"]
[WhiteElo "2443"]
[BlackElo "1888"]
[WhiteFideId "1900021"]
[BlackFideId "1928198"]
[WhiteTitle "GM"]
[WhiteCountry "POR"]
[BlackCountry "POR"]
[PlyCount "107"]
[EventDate "2018.??.??"]

1. d4 Nf6 2. Bg5 d5 3. Bxf6 exf6 4. e3 Bf5 5. a3 c5 6. Nc3 cxd4 7. Qxd4 Nc6 8.
Qxd5 Bxc2 9. Rc1 Bg6 10. Qb3 Qd7 11. Rd1 Qc8 12. Nd5 Be7 13. Bb5 Be4 14. Nxe7
Kxe7 15. f3 Bf5 16. Qd5 Rd8 17. Qc5+ Ke8 18. Rxd8+ Kxd8 19. Ne2 Bd7 20. Qf8+ Kc7
21. Qxg7 Qe8 22. Bxc6 bxc6 23. Kf2 Qe5 24. Rd1 Re8 25. Rd3 Re7 26. Rc3 Qxh2 27.
Qxf6 Qd6 28. Qh4 Re5 29. Qxh7 f5 30. Qh2 Rb5 31. Qxd6+ Kxd6 32. b4 a5 33. Rd3+
Kc7 34. Nc3 Re5 35. Kg3 axb4 36. axb4 Re8 37. Kf4 Rb8 38. Rd4 Rg8 39. Rd2 Rh8
40. g3 Rh1 41. Na4 Rc1 42. Nc5 Bc8 43. Rd4 Rc3 44. e4 fxe4 45. Rxe4 Rc1 46. g4
Kb6 47. Kg5 Ba6 48. Nxa6 Kxa6 49. f4 Kb5 50. f5 Rb1 51. f6 Rxb4 52. Rxb4+ Kxb4
53. f7 c5 54. f8=Q 1-0

[Event "Portugal Open 2018"]
[Site "Lisboa POR"]
[Date "2018.02.03"]
[Round "1.31"]
[White "Ruiz Bellón, Manuel"]
[Black "Gomez Ledo, Roberto Carlos"]
[Result "0-1"]
[WhiteElo "1886"]
[BlackElo "2442"]
[WhiteFideId "32011504"]
[BlackFideId "3507076"]
[BlackTitle "IM"]
[WhiteCountry "ESP"]
[BlackCountry "CUB"]
[PlyCount "96"]
[EventDate "2018.??.??"]

1. Nf3 Nf6 2. g3 d5 3. Bg2 Bf5 4. c4 c6 5. O-O e6 6. cxd5 exd5 7. d3 Be7 8. Nc3
O-O 9. Qb3 Qb6 10. Qc2 h6 11. e4 Bh7 12. Be3 Qa6 13. Rfd1 Rd8 14. h3 Nbd7 15.
Bf1 Nf8 16. e5 N6d7 17. Qe2 Re8 18. Qd2 f6 19. d4 Qb6 20. Nh2 Ne6 21. f4 Kh8 22.
Bd3 fxe5 23. Bxh7 exd4 24. Bf2 dxc3 25. bxc3 Bc5 26. Bg6 Bxf2+ 27. Qxf2 Re7 28.
Re1 Ndf8 29. Bf5 Rae8 30. Nf3 g6 31. Bc2 Qxf2+ 32. Kxf2 Nc5 33. Ne5 Kg7 34. h4
Ncd7 35. Nf3 Nf6 36. Ne5 N6d7 37. Nf3 Rxe1 38. Rxe1 Rxe1 39. Kxe1 h5 40. Nd4 Kf6
41. Kf2 a6 42. Ke3 Nb6 43. Nb3 Nc4+ 44. Ke2 Ne6 45. Bd3 Nd6 46. Kf3 c5 47. Bc2
Nb5 48. a3 Nxc3 0-1

[Event "Portugal Open 2018"]
[Site "Lisboa POR"]
[Date "2018.02.03"]
[Round "1.32"]
[White "Fröwis, Georg"]
[Black "Silva, Ana Inês"]
[Result "1-0"]
[WhiteElo "2428"]
[BlackElo "1873"]
[WhiteFideId "1618423"]
[BlackFideId "1932543"]
[WhiteTitle "IM"]
[WhiteCountry "AUT"]
[BlackCountry "POR"]
[PlyCount "61"]
[EventDate "2018.??.??"]

1. Nf3 Nf6 2. g3 g6 3. b3 Bg7 4. Bb2 O-O 5. Bg2 d5 6. c4 c6 7. O-O Nbd7 8. d4
dxc4 9. bxc4 Nb6 10. Nbd2 Be6 11. Qc2 h6 12. e4 Rc8 13. Rfe1 Qc7 14. Rad1 Rfd8
15. h3 c5 16. d5 Bd7 17. e5 Nh7 18. Nb3 Bf5 19. Qc1 Na4 20. Ba1 b5 21. cxb5 c4
22. Nbd4 Bd3 23. Nc6 Rxd5 24. Qa3 Nb6 25. Nxe7+ Kh8 26. Nxd5 Nxd5 27. Nd4 Ne7
28. e6 Nf5 29. Nxf5 Bxf5 30. Bxg7+ Kxg7 31. Rd7 1-0

[Event "Portugal Open 2018"]
[Site "Lisboa POR"]
[Date "2018.02.03"]
[Round "1.33"]
[White "Santos, Júlio"]
[Black "Campora, Daniel"]
[Result "0-1"]
[WhiteElo "1870"]
[BlackElo "2426"]
[WhiteFideId "1900650"]
[BlackFideId "100013"]
[WhiteTitle "NM"]
[BlackTitle "GM"]
[WhiteCountry "POR"]
[BlackCountry "ARG"]
[PlyCount "78"]
[EventDate "2018.??.??"]

1. e4 c6 2. d4 d5 3. Bd3 dxe4 4. Bxe4 Nf6 5. Bf3 g6 6. Ne2 Bg7 7. O-O O-O 8. Bf4
Qb6 9. b3 Nbd7 10. a4 a5 11. Na3 Re8 12. Nc4 Qd8 13. Qd2 Nd5 14. Bh6 Bh8 15.
Rad1 b6 16. Nf4 Bb7 17. Rfe1 Qc7 18. Re2 Rad8 19. Rde1 N7f6 20. Nd3 Ba6 21. Nce5
Bxd3 22. Qxd3 e6 23. Qc4 Rc8 24. h4 Bg7 25. Bxg7 Kxg7 26. g3 Qd6 27. Kg2 Rc7 28.
Qd3 Rd8 29. Nc4 Qb4 30. Qd2 b5 31. axb5 cxb5 32. Nxa5 Nc3 33. Ra1 Rxd4 34. Qe3
Nxe2 35. Qxe2 Rd2 36. c3 Qxc3 37. Qe1 Rc5 38. b4 Rf5 39. Be2 Ne4 0-1

[Event "Portugal Open 2018"]
[Site "Lisboa POR"]
[Date "2018.02.03"]
[Round "1.34"]
[White "Radovanovic, Mihajlo"]
[Black "Cohen, Lawrence"]
[Result "1-0"]
[WhiteElo "2422"]
[BlackElo "1866"]
[WhiteFideId "940313"]
[BlackFideId "2026228"]
[WhiteTitle "IM"]
[WhiteCountry "SRB"]
[BlackCountry "USA"]
[PlyCount "73"]
[EventDate "2018.??.??"]

1. Nf3 c5 2. c4 Nf6 3. Nc3 Nc6 4. g3 g6 5. Bg2 Bg7 6. O-O O-O 7. d4 cxd4 8. Nxd4
Nxd4 9. Qxd4 d6 10. Qd3 Rb8 11. Bd2 Bf5 12. e4 Be6 13. Rac1 Ng4 14. b3 a6 15. h3
Ne5 16. Qe2 Nc6 17. Rfd1 Qd7 18. Qf1 f5 19. Be3 fxe4 20. Nxe4 Qc8 21. c5 d5 22.
Ng5 d4 23. Nxe6 Qxe6 24. Bxc6 Qxc6 25. Qc4+ Kh8 26. Bxd4 e5 27. Be3 Rbd8 28. Rd6
Qc8 29. Rcd1 Rde8 30. Rd7 Rd8 31. Qe6 Rxd7 32. Qxd7 Kg8 33. Qxc8 Rxc8 34. Rd7
Rb8 35. b4 h6 36. a4 g5 37. b5 1-0

[Event "Portugal Open 2018"]
[Site "Lisboa POR"]
[Date "2018.02.03"]
[Round "1.35"]
[White "Coelho, Pedro"]
[Black "Yurtseven, Melih"]
[Result "0-1"]
[WhiteElo "1864"]
[BlackElo "2415"]
[WhiteFideId "1905694"]
[BlackFideId "6312160"]
[BlackTitle "FM"]
[WhiteCountry "POR"]
[BlackCountry "TUR"]
[PlyCount "94"]
[EventDate "2018.??.??"]

1. Nf3 d5 2. b3 Bf5 3. Bb2 Nf6 4. e3 e6 5. d3 Be7 6. Be2 h6 7. Nbd2 O-O 8. h3
Bh7 9. O-O a5 10. a3 c5 11. Re1 a4 12. c4 Nc6 13. d4 axb3 14. Nxb3 dxc4 15. Bxc4
Na5 16. Nxa5 Qxa5 17. a4 cxd4 18. Bxd4 Ne4 19. Qb3 Nc5 20. Bxc5 Qxc5 21. Bb5
Rfc8 22. Qd1 Qb4 23. Qd7 Be4 24. Rac1 Rf8 25. Qd4 Rfd8 26. Qxb4 Bxb4 27. Re2 Ba3
28. Ra1 Be7 29. Rc1 g6 30. Nd4 e5 31. f3 exd4 32. fxe4 Bg5 33. Rce1 Bxe3+ 34.
Rxe3 dxe3 35. Rxe3 Kf8 36. Kf2 Ke7 37. g4 Rac8 38. Kg3 Rc5 39. h4 Rd1 40. Kf3
Rd2 41. Be2 Rdc2 42. e5 R2c3 43. Bd3 Ra3 44. g5 hxg5 45. hxg5 Rcc3 46. Ke4 Rxa4+
47. Kd5 Raa3 0-1

[Event "Portugal Open 2018"]
[Site "Lisboa POR"]
[Date "2018.02.03"]
[Round "1.36"]
[White "Bulmaga, Irina"]
[Black "Roxo, Agostinho"]
[Result "1-0"]
[WhiteElo "2411"]
[BlackElo "1862"]
[WhiteFideId "13903063"]
[BlackFideId "1902890"]
[WhiteTitle "IM"]
[WhiteCountry "ROU"]
[BlackCountry "POR"]
[PlyCount "101"]
[EventDate "2018.??.??"]

1. e4 c5 2. Nf3 Nc6 3. d4 cxd4 4. Nxd4 Nf6 5. Nc3 e6 6. Ndb5 d6 7. Bf4 e5 8. Bg5
a6 9. Na3 b5 10. Nd5 Be7 11. Bxf6 Bxf6 12. c4 b4 13. Nc2 a5 14. g3 O-O 15. h4
Be7 16. Bg2 Be6 17. O-O Rc8 18. b3 Re8 19. Qd3 Bxd5 20. Qxd5 Qb6 21. Qd3 Bf8 22.
Rfd1 Red8 23. Bh3 Ra8 24. Rab1 Qc5 25. Qe2 Ne7 26. Rd3 a4 27. Qe1 Rdb8 28. Bd7
a3 29. Rbd1 Rb6 30. Qd2 d5 31. cxd5 Qd6 32. Bh3 g6 33. Ne3 Rbb8 34. Nc4 Qf6 35.
f4 exf4 36. e5 Qa6 37. Qxf4 Bg7 38. Kh1 Rf8 39. Bg2 Rad8 40. d6 Nf5 41. Be4 Bh6
42. Qf3 Ng7 43. Bd5 Ne6 44. Qg4 Nc5 45. Rf3 Bg7 46. Rdf1 Qa7 47. Rxf7 Rxf7 48.
Rxf7 Qxf7 49. Bxf7+ Kxf7 50. Qf3+ Ke6 51. Ne3 1-0

[Event "Portugal Open 2018"]
[Site "Lisboa POR"]
[Date "2018.02.03"]
[Round "1.37"]
[White "Lavrador, Rodolfo"]
[Black "Sousa, André V"]
[Result "0-1"]
[WhiteElo "1859"]
[BlackElo "2405"]
[WhiteFideId "1908367"]
[BlackFideId "1917617"]
[WhiteTitle "NM"]
[BlackTitle "IM"]
[WhiteCountry "POR"]
[BlackCountry "POR"]
[PlyCount "62"]
[EventDate "2018.??.??"]

1. e4 e5 2. Nf3 Nc6 3. Bb5 a6 4. Ba4 Nge7 5. c3 g6 6. O-O Bg7 7. d3 O-O 8. Be3
d5 9. Nbd2 h6 10. Re1 Be6 11. Nf1 Qd6 12. h3 f5 13. exf5 Nxf5 14. Bd2 Rae8 15.
Ne3 Kh7 16. Rc1 Nxe3 17. Bxe3 d4 18. Bd2 Bd5 19. Bxc6 Bxc6 20. Nh2 Qd5 21. f3
Qxa2 22. cxd4 exd4 23. Rxe8 Rxe8 24. Ng4 Ba4 25. Qf1 Qf7 26. Nf2 Bb5 27. Ne4 b6
28. Be1 Be5 29. g3 c5 30. f4 Bb8 31. Rc2 Rxe4 0-1

[Event "Portugal Open 2018"]
[Site "Lisboa POR"]
[Date "2018.02.03"]
[Round "1.38"]
[White "Luch, Michal"]
[Black "Hapke, Ralf"]
[Result "1-0"]
[WhiteElo "2396"]
[BlackElo "1859"]
[WhiteFideId "1120042"]
[BlackFideId "4655630"]
[WhiteTitle "IM"]
[WhiteCountry "POL"]
[BlackCountry "GER"]
[PlyCount "65"]
[EventDate "2018.??.??"]

1. d4 Nf6 2. c4 e6 3. Nc3 d5 4. cxd5 exd5 5. Bg5 Be7 6. e3 c6 7. Qc2 Nbd7 8. Bd3
Nf8 9. Nge2 g6 10. O-O Ne6 11. Bh4 Nh5 12. Bxe7 Qxe7 13. f3 Qg5 14. Qd2 Bd7 15.
b4 O-O 16. f4 Qe7 17. b5 f5 18. Rab1 Nf6 19. bxc6 Bxc6 20. Kh1 Nd8 21. Ng1 Nf7
22. Nf3 Nd6 23. Ne5 Rac8 24. h3 b6 25. Kh2 Bb7 26. Rfc1 Rc7 27. Qb2 Rfc8 28. Qa3
Ba8 29. Ba6 Re8 30. Nb5 Nxb5 31. Qxe7 Rexe7 32. Bxb5 Ne4 33. Bd7 1-0

[Event "Portugal Open 2018"]
[Site "Lisboa POR"]
[Date "2018.02.03"]
[Round "1.40"]
[White "Mihajlov, Sebastian"]
[Black "Machado, Tomás"]
[Result "1-0"]
[WhiteElo "2378"]
[BlackElo "1852"]
[WhiteFideId "1512110"]
[BlackFideId "1946838"]
[WhiteTitle "IM"]
[WhiteCountry "NOR"]
[BlackCountry "POR"]
[PlyCount "85"]
[EventDate "2018.??.??"]

1. d4 Nf6 2. c4 e6 3. Nc3 d5 4. cxd5 exd5 5. Bg5 Be7 6. e3 c6 7. Bd3 O-O 8. Qc2
Nbd7 9. Nge2 Re8 10. Rb1 h6 11. Bh4 Nh5 12. Bxe7 Qxe7 13. b4 Ndf6 14. O-O g6 15.
b5 Bd7 16. bxc6 Bxc6 17. h3 Qd7 18. Rfc1 Rac8 19. Qb3 a6 20. Rb2 Rc7 21. Rbc2
Rec8 22. Qb6 Ne8 23. a4 Nhg7 24. f3 Bxa4 25. Nxa4 Qxa4 26. Rxc7 Rxc7 27. Rxc7
Nxc7 28. Qxc7 Qd1+ 29. Kf2 Qxd3 30. Qd8+ Kh7 31. Qxd5 b5 32. Qxf7 Qd2 33. Qb3
Nf5 34. Qf7+ Ng7 35. g4 a5 36. f4 Qd3 37. Ng3 Qc2+ 38. Kf3 Qd1+ 39. Ke4 Kh8 40.
Ke5 Qf3 41. Ne4 Qxe3 42. Qxg6 Qxh3 43. Kf6 1-0

[Event "Portugal Open 2018"]
[Site "Lisboa POR"]
[Date "2018.02.03"]
[Round "1.41"]
[White "Dumont, Vincent"]
[Black "Haria, Ravi"]
[Result "0-1"]
[WhiteElo "1849"]
[BlackElo "2376"]
[WhiteFideId "206199"]
[BlackFideId "415820"]
[BlackTitle "IM"]
[WhiteCountry "BEL"]
[BlackCountry "ENG"]
[PlyCount "48"]
[EventDate "2018.??.??"]

1. b3 e5 2. e3 d5 3. Bb2 Nd7 4. d3 Ngf6 5. Nd2 Bd6 6. g3 O-O 7. Bg2 Re8 8. Ne2
c6 9. h3 Nf8 10. g4 h6 11. Ng3 Ng6 12. Rg1 d4 13. e4 Nf4 14. Bf1 Nh7 15. Qf3 Bb4
16. Rc1 Qh4 17. Nf5 Bxf5 18. gxf5 Ng5 19. Qg3 Qh5 20. Qg4 Nf3+ 21. Kd1 Nxg1 22.
f3 Qxg4 23. fxg4 Ngxh3 24. Bxh3 Nxh3 0-1

[Event "Portugal Open 2018"]
[Site "Lisboa POR"]
[Date "2018.02.03"]
[Round "1.42"]
[White "Rocha, Sérgio"]
[Black "Van Ginkel, Henk"]
[Result "1-0"]
[WhiteElo "2371"]
[BlackElo "1849"]
[WhiteFideId "1900404"]
[BlackFideId "1036394"]
[WhiteTitle "IM"]
[WhiteCountry "POR"]
[BlackCountry "NED"]
[PlyCount "53"]
[EventDate "2018.??.??"]

1. d4 Nf6 2. c4 c5 3. d5 b5 4. Nf3 Bb7 5. a4 bxc4 6. Nc3 d6 7. e4 g6 8. Bxc4 Bg7
9. O-O O-O 10. a5 Ba6 11. Qe2 Bxc4 12. Qxc4 Nbd7 13. h3 Rb8 14. Ra4 Qc7 15. b4
Rfc8 16. b5 Ne8 17. Bd2 Qb7 18. Rb1 Nc7 19. Ra3 Bxc3 20. a6 Nxa6 21. Qxc3 Nc7
22. Qe3 Nf6 23. Qh6 e6 24. Ng5 Nce8 25. dxe6 fxe6 26. Nxe6 Qxe4 27. Qf8# 1-0

[Event "Portugal Open 2018"]
[Site "Lisboa POR"]
[Date "2018.02.03"]
[Round "1.43"]
[White "Elias, Rúben"]
[Black "Öztürk, Kubra"]
[Result "0-1"]
[WhiteElo "1836"]
[BlackElo "2353"]
[WhiteFideId "1906453"]
[BlackFideId "6302599"]
[BlackTitle "WGM"]
[WhiteCountry "POR"]
[BlackCountry "TUR"]
[PlyCount "120"]
[EventDate "2018.??.??"]

1. e4 e5 2. Nf3 Nc6 3. Bc4 Bc5 4. c3 Nf6 5. d4 exd4 6. cxd4 Bb4+ 7. Bd2 Bxd2+ 8.
Nbxd2 d5 9. exd5 Nxd5 10. Qb3 Nce7 11. O-O O-O 12. Rfe1 c6 13. a4 a5 14. Ne5 Kh8
15. Rac1 f6 16. Nef3 Nb4 17. Ne4 b6 18. h3 Ba6 19. Bxa6 Rxa6 20. Rcd1 Ned5 21.
Qc4 Ra7 22. Qc1 Re7 23. Qd2 Rfe8 24. Nc3 Kg8 25. Rxe7 Rxe7 26. Re1 Kf7 27. Ne4
Kf8 28. Kf1 Qc8 29. Kg1 Qf5 30. Nd6 Rxe1+ 31. Qxe1 Qd7 32. Ne4 Nd3 33. Qd2 N3f4
34. Nc3 g5 35. Ne2 Qf5 36. Nxf4 Nxf4 37. Qd1 Qd3 38. Qxd3 Nxd3 39. b3 Nc1 40.
Nd2 Ne2+ 41. Kf1 Nxd4 42. Nc4 Nxb3 43. Nxb6 Ke7 44. Ke2 Kd6 45. Kd3 Nc5+ 46. Kd4
Ne6+ 47. Ke4 Kc5 48. Nd7+ Kb4 49. Nxf6 Kxa4 50. Ke5 Nf4 51. g3 Nxh3 52. Nxh7 g4
53. Kd6 Kb5 54. Nf6 Nxf2 55. Nd7 a4 56. Nc5 a3 57. Nb3 Ne4+ 58. Ke5 Nxg3 59. Kf4
Ne2+ 60. Kxg4 Kb4 0-1

[Event "Portugal Open 2018"]
[Site "Lisboa POR"]
[Date "2018.02.03"]
[Round "1.44"]
[White "Kerigan, Demre"]
[Black "Gorny, Michael"]
[Result "1-0"]
[WhiteElo "2350"]
[BlackElo "1836"]
[WhiteFideId "6307841"]
[BlackFideId "12953628"]
[WhiteTitle "IM"]
[WhiteCountry "TUR"]
[BlackCountry "GER"]
[PlyCount "81"]
[EventDate "2018.??.??"]

1. e4 c5 2. Nc3 d6 3. f4 Nc6 4. Bb5 Bd7 5. Nf3 e6 6. Bxc6 Bxc6 7. O-O Nf6 8. d3
Be7 9. Qe2 Qc7 10. Kh1 O-O 11. e5 Nd7 12. exd6 Bxd6 13. Ng5 Nf6 14. Nce4 Be7 15.
b3 Nxe4 16. Nxe4 Bxe4 17. dxe4 c4 18. Be3 Rac8 19. Rad1 Bc5 20. e5 Bxe3 21. Qxe3
Qa5 22. Qe4 Rc6 23. Rd7 Qa6 24. Rfd1 cxb3 25. axb3 g6 26. h3 Qb6 27. R1d2 a6 28.
Kh2 Kg7 29. Qe1 Rc7 30. R2d6 Qc5 31. Rxc7 Qxc7 32. Qd2 Rc8 33. c4 b5 34. cxb5
axb5 35. Rd7 Qc3 36. Qd6 Qc5 37. Qxe6 Qf8 38. Qf6+ Kg8 39. e6 fxe6 40. Qxe6+ Kh8
41. Rf7 1-0

[Event "Portugal Open 2018"]
[Site "Lisboa POR"]
[Date "2018.02.03"]
[Round "1.45"]
[White "Garcia, António"]
[Black "Rupérez Benito, Antonio"]
[Result "0-1"]
[WhiteElo "1833"]
[BlackElo "2348"]
[WhiteFideId "1901931"]
[BlackFideId "22245049"]
[BlackTitle "FM"]
[WhiteCountry "POR"]
[BlackCountry "ESP"]
[PlyCount "102"]
[EventDate "2018.??.??"]

1. d4 e6 2. c4 d5 3. Nc3 Be7 4. Nf3 Nf6 5. g3 O-O 6. Bg2 Nbd7 7. cxd5 exd5 8.
O-O c6 9. Bf4 Nh5 10. Bd2 Re8 11. e4 dxe4 12. Nxe4 Nhf6 13. Nc3 Nb6 14. h3 Be6
15. Re1 Nc4 16. Bc1 Bf8 17. Qc2 h6 18. b3 Nb6 19. Bb2 Nbd5 20. Rad1 Qa5 21. Ne5
Rad8 22. Nc4 Qc7 23. Ne5 Nxc3 24. Bxc3 Bd5 25. b4 Bd6 26. a3 Re7 27. Re2 Bxg2
28. Kxg2 Nd5 29. Rde1 Rde8 30. Bb2 a5 31. bxa5 Qxa5 32. Nc4 Qc7 33. Ne5 Re6 34.
f4 R6e7 35. Kg1 Qa5 36. Nc4 Qc7 37. Ne5 Qc8 38. f5 f6 39. Ng4 Rxe2 40. Rxe2 Rxe2
41. Qxe2 Qxf5 42. Kg2 Kf7 43. Bc1 h5 44. Nf2 Nc3 45. Qb2 Qd5+ 46. Kh2 Qf3 47.
Bf4 Bxf4 48. gxf4 b5 49. Qb3+ Ke7 50. Qb4+ Kd7 51. Kg1 Ne2+ 0-1

[Event "Portugal Open 2018"]
[Site "Lisboa POR"]
[Date "2018.02.03"]
[Round "1.46"]
[White "Martín Duque, Jesus"]
[Black "Cardoso, Miguel"]
[Result "1-0"]
[WhiteElo "2346"]
[BlackElo "1832"]
[WhiteFideId "2208954"]
[BlackFideId "1904280"]
[WhiteTitle "FM"]
[WhiteCountry "ESP"]
[BlackCountry "POR"]
[PlyCount "61"]
[EventDate "2018.??.??"]

1. e4 c5 2. Nf3 d6 3. Bb5+ Nc6 4. O-O Nf6 5. Re1 Bd7 6. c3 e6 7. d4 cxd4 8. cxd4
Be7 9. Nc3 O-O 10. h3 a6 11. Bf1 Qc7 12. Bf4 b5 13. Rc1 Qb7 14. e5 dxe5 15. dxe5
Nh5 16. Be3 Rad8 17. Ne4 g6 18. Bh6 Rfe8 19. g4 f5 20. Nd6 Bxd6 21. Qxd6 Ng7 22.
Bg2 fxg4 23. hxg4 Ne7 24. Rc7 Qd5 25. Bxg7 Kxg7 26. Ng5 Qxd6 27. exd6 Nd5 28.
Bxd5 Kf6 29. Ne4+ Ke5 30. Bb3 Kf4 31. Nf6 1-0

[Event "Portugal Open 2018"]
[Site "Lisboa POR"]
[Date "2018.02.03"]
[Round "1.47"]
[White "Barros, Luís"]
[Black "Alshameary Puente, Ismael"]
[Result "0-1"]
[WhiteElo "1831"]
[BlackElo "2339"]
[WhiteFideId "23600110"]
[BlackFideId "2225166"]
[BlackTitle "FM"]
[WhiteCountry "CPV"]
[BlackCountry "ESP"]
[PlyCount "78"]
[EventDate "2018.??.??"]

1. e4 c5 2. Nf3 d6 3. Bc4 Nf6 4. Nc3 a6 5. a3 Nc6 6. O-O Bg4 7. Be2 g6 8. h3 Bd7
9. d3 Bg7 10. Bg5 h6 11. Bh4 g5 12. Bg3 e5 13. Rb1 Nh5 14. Nxe5 Nxg3 15. fxg3
Bxe5 16. Bh5 O-O 17. Nd5 Be6 18. Bg4 Bxd5 19. exd5 Ne7 20. Qf3 f5 21. Bh5 Kg7
22. c3 Ng8 23. Qe3 Nf6 24. Bf3 Bxg3 25. b4 Re8 26. Qd2 Bf4 27. Qc2 Be3+ 28. Kh1
g4 29. bxc5 gxf3 30. Rxb7+ Re7 31. Rxe7+ Qxe7 32. Rxf3 f4 33. d4 Rb8 34. c6 Qe4
35. Qe2 Nh5 36. Qxa6 Rb1+ 37. Rf1 Rxf1+ 38. Kh2 Rh1+ 39. Kxh1 Qb1+ 0-1

[Event "Portugal Open 2018"]
[Site "Lisboa POR"]
[Date "2018.02.03"]
[Round "1.48"]
[White "To, Nhat Minh"]
[Black "Ribeiro, Bruno Rafael"]
[Result "1-0"]
[WhiteElo "2338"]
[BlackElo "1831"]
[WhiteFideId "729019"]
[BlackFideId "1908081"]
[WhiteTitle "IM"]
[WhiteCountry "HUN"]
[BlackCountry "POR"]
[PlyCount "111"]
[EventDate "2018.??.??"]

1. Nf3 d5 2. g3 Nf6 3. Bg2 e6 4. O-O Be7 5. d3 O-O 6. Nbd2 b6 7. e4 dxe4 8. dxe4
Bb7 9. e5 Ne4 10. Qe2 Nxd2 11. Bxd2 c5 12. Rad1 Qc7 13. h4 Nc6 14. Bg5 Bxg5 15.
hxg5 Rad8 16. c3 Rxd1 17. Rxd1 Rd8 18. Rd2 Rxd2 19. Nxd2 Ne7 20. Nc4 Bxg2 21.
Kxg2 Qc6+ 22. Qf3 Kf8 23. Nd6 Qxf3+ 24. Kxf3 Nc6 25. Ke4 Ke7 26. f4 f6 27. gxf6+
gxf6 28. Nc8+ Kf7 29. exf6 Kxf6 30. a3 b5 31. Nd6 b4 32. Nb7 bxa3 33. bxa3 e5
34. Nxc5 exf4 35. Kxf4 Ne5 36. Ne4+ Ke6 37. Ng5+ Kd5 38. Nxh7 Nd3+ 39. Kf5 Nf2
40. Nf6+ Kc4 41. Ne4 Nh3 42. Ke5 a5 43. a4 Ng1 44. g4 Nh3 45. Kd6 Kd3 46. g5 Nf4
47. Nf6 Kc4 48. Kc6 Ne6 49. g6 Kxc3 50. Kb5 Kd4 51. Ne8 Kd5 52. g7 Nxg7 53. Nxg7
Kd6 54. Nf5+ Kc7 55. Nd4 Kb7 56. Kxa5 1-0

[Event "Portugal Open 2018"]
[Site "Lisboa POR"]
[Date "2018.02.03"]
[Round "1.49"]
[White "Larsen, Sander"]
[Black "Boricsev, Oleg"]
[Result "0-1"]
[WhiteElo "1824"]
[BlackElo "2328"]
[WhiteFideId "227315"]
[BlackFideId "720500"]
[BlackTitle "IM"]
[WhiteCountry "BEL"]
[BlackCountry "HUN"]
[PlyCount "72"]
[EventDate "2018.??.??"]

1. d4 d5 2. Bf4 e6 3. e3 Bd6 4. Bg3 Nf6 5. c3 c5 6. Nd2 Nc6 7. Ngf3 Qe7 8. Ne5
Bxe5 9. dxe5 Nd7 10. Nf3 b6 11. Bd3 Bb7 12. h4 O-O-O 13. Qe2 f6 14. exf6 gxf6
15. e4 Nde5 16. Nxe5 Nxe5 17. Ba6 d4 18. Bxe5 fxe5 19. O-O-O Kb8 20. Bxb7 Qxb7
21. c4 b5 22. b3 bxc4 23. bxc4 Ka8 24. Rh3 Rd6 25. Rb3 Rb6 26. Rdd3 Rb4 27. Kd1
Rb8 28. Qh5 Qxe4 29. Qf7 Qxg2 30. Qxe6 Qf1+ 31. Kd2 Qxf2+ 32. Kd1 Qf1+ 33. Kd2
Qg2+ 34. Kd1 Rg8 35. Qxe5 Qh1+ 36. Kc2 Rxc4+ 0-1

[Event "Portugal Open 2018"]
[Site "Lisboa POR"]
[Date "2018.02.03"]
[Round "1.50"]
[White "Veiga, Francisco"]
[Black "Baumgartner, Christopher"]
[Result "1-0"]
[WhiteElo "2320"]
[BlackElo "1809"]
[WhiteFideId "1930087"]
[BlackFideId "2022087"]
[WhiteTitle "FM"]
[WhiteCountry "POR"]
[BlackCountry "USA"]
[PlyCount "93"]
[EventDate "2018.??.??"]

1. e4 e5 2. Nf3 Nf6 3. Nxe5 d6 4. Nf3 Nxe4 5. Nc3 d5 6. Qe2 Be7 7. Nxe4 dxe4 8.
Qxe4 O-O 9. Bd3 g6 10. O-O Nc6 11. Qa4 Bf6 12. Be4 Bd7 13. c3 Re8 14. Qc2 Rb8
15. d4 Ne7 16. Bf4 Bc6 17. Bxc6 Nxc6 18. Rfe1 Qd7 19. h3 Rbd8 20. Ng5 Ne7 21.
Ne4 Bg7 22. Be5 Qc6 23. Qb3 Nf5 24. Ng5 Rd7 25. Bxg7 Rxe1+ 26. Rxe1 Kxg7 27. Nf3
f6 28. Re6 Rd6 29. Rxd6 Nxd6 30. Qe6 Qb6 31. Qe2 Nf5 32. g4 Nd6 33. Qe7+ Nf7 34.
g5 a5 35. Kg2 Qc6 36. gxf6+ Qxf6 37. Qxc7 b6 38. Ne5 Qg5+ 39. Kf3 Qf5+ 40. Ke2
Qc2+ 41. Ke3 Qc1+ 42. Kf3 Qh1+ 43. Ke2 Qe4+ 44. Kd2 Qf4+ 45. Kd3 Qf5+ 46. Kc4
Qxf2 47. Qxf7+ 1-0